000 00465nam a2200193Ia 4500
003 OSt
005 20230609145156.0
008 210423s2005 xx 000 0 und d
040 _cAL
041 _aeng
082 _a000 SAJG
_223
100 _aSAJNANI (Kamlesh)
_9123370
245 _aGK Power pack 2006
260 _aMumbai
_bIMS Learning Resource Pvt Ltd
_c2005
300 _a244
_bPB
365 _b120
_cINR
650 _aGeneral
_9123371
942 _2ddc
_cBK
999 _c174276
_d174276